UBT Library

An introduction to American Government / (Record no. 43584)

000 -LEADER
fixed length control field 00591cam a2200229 i 4500
001 - CONTROL NUMBER
control field 2263922
005 - DATE AND TIME OF LATEST TRANSACTION
control field 20180227054721.0
008 - FIXED-LENGTH DATA ELEMENTS--GENERAL INFORMATION
fixed length control field 780821s1979 nyua b 001 0 eng
010 ## - LIBRARY OF CONGRESS CONTROL NUMBER
LC control number 78012041
020 ## - INTERNATIONAL STANDARD BOOK NUMBER
International Standard Book Number 006045279X
040 ## - CATALOGING SOURCE
Original cataloging agency DLC
Transcribing agency DLC
Modifying agency DLC
041 ## - LANGUAGE CODE
Language code of text/sound track or separate title eng
043 ## - GEOGRAPHIC AREA CODE
Geographic area code n-us---
080 ## - UNIVERSAL DECIMAL CLASSIFICATION NUMBER
Universal Decimal Classification number 320.973
082 00 - DEWEY DECIMAL CLASSIFICATION NUMBER
Classification number 320.973 PRE
100 1# - Rafti
Rafti 20
101 ## - Shkurtesa
Shkurtesa SHP
245 13 - TITLE STATEMENT
Title An introduction to American Government /
Statement of responsibility, etc Kenneth Prewitt, Sidney Verba.
504 ## - BIBLIOGRAPHY, ETC. NOTE
Bibliography, etc Bibliography: p. 626-632.
906 ## - LOCAL DATA ELEMENT F, LDF (RLIN)
a 7
b cbc
c orignew
d 1
e ocip
f 19
g y-gencatlg
942 ## - ADDED ENTRY ELEMENTS (KOHA)
Source of classification or shelving scheme
Item type Books
Holdings
Withdrawn status Lost status Source of classification or shelving scheme Damaged status Not for loan Collection code Permanent location Current location Shelving location Date acquired Total Checkouts Full call number Barcode Date last seen Price effective from Koha item type
          Koleksioni i përgjithshem UBT - Lipjan UBT - Lipjan Koleksioni i përgjithshem 02/27/2018   320.973 PRE 002-3000170 02/27/2018 02/27/2018 Books
UBT Library © 2015-2024. All rights reserved University Education for Business and Technology